00494nam a2200193 a 4500001001300000003000900013005001700022008004100039020001000080082001700090100002500107245003300132260003000165300000900195500003500204505001300239650002300252700002500275nice12345678IN_TiNIC20260116011328.0050524s1900 leia grp 000 0 ger  ac10000a181.07bDIE1 aDieterici, Friedrich aDer Musterstaat Von Alfarabi aLeidenbE. J. Brillc1900 a136p aincludes index and biblioraphy2 aarchives aPhilosophy-Islamic1 aDieterici, Friedrich